Every NFL Player to Have a 100 Yard Receiving Game 2024-2025 - Statistics

General Stats
  • This quiz has been taken 421 times
  • The average score is 56 of 80
Answer Stats
Team Week Player % Correct
Eagles 1,6,10,12,15 A.J. Brown
98%
Lions 2,7,11,15 Amon-Ra St. Brown
98%
Dolphins 1,14,17 Tyreek Hill
97%
Eagles 15,17 DeVonta Smith
95%
Cheifs 5 JuJu Smith-Schuster
95%
Vikings 2,8,9,14,16 Justin Jefferson
95%
Raiders, Jets 2,14,15 Davante Adams
94%
Dolphins 11,13 Jonnu Smith
94%
Dolphins 1,12 Jaylen Waddle
93%
Buccaneers 13,15 Mike Evans
93%
Texans 1,2,4,13 Nico Collins
93%
Ravens 5,6,8,9,16 Zay Flowers
93%
Bengals 3,5,10,14,17 Ja'Marr Chase
92%
Rams 1,9,11 Cooper Kupp
91%
Jets 5,6,8,14 Garrett Wilson
91%
Buccaneers 2,6 Chris Godwin
90%
Rams 8,11,12,14,17 Puka Nacua
90%
Chiefs 1,3 Rashee Rice
89%
49ers 2,6 Deebo Samuel
88%
Seahwaks 2,3,4 D.K. Metcalf
88%
Lions 1,11,16 Jameson Williams
88%
Giants 2,4,17 Malik Nabers
88%
Bears 5,12,13 D.J. Moore
86%
Colts 4,17 Michael Pittman
86%
Browns 13 Elijah Moore
85%
Commanders 3,5,8,10,12 Terry McLaurin
84%
49ers 8,14,16,17 George Kittle
83%
Packers 1,4,9 Jayden Reed
83%
49ers 5 Brandon Aiyuk
82%
Jaguars 5,15,16,18 Brian Thomas
82%
Falcons 5,17,18 Drake London
81%
Cardinals 2,8 Marvin Harrison
81%
Seahawks 2,9,11 Jaxon Smith-Njigba
80%
Steelers 4,7 George Pickens
79%
Bengals 11,17 Tee Higgins
77%
Cheifs 9 Travis Kelce
77%
Broncos 8,9,13 Courtland Sutton
76%
Ravens 1 Isaiah Likely
75%
Ravens 7 Rashod Bateman
74%
Bears 16 Keenan Allen
73%
Bills 8,14 Khalil Shakir
73%
Bears 3,9 Rome Odunze
73%
Cowboys 8,15,16 CeeDee Lamb
72%
Colts 1,5,17 Alec Pierce
71%
49ers 3 Jauan Jennings
71%
Falcons 5,14 Darnell Mooney
70%
Patriots 2 Hunter Henry
70%
Chargers 8,11,13 Ladd McConkey
70%
Texans 9 Tank Dell
69%
Panthers 14,17 Adam Thielen
68%
Vikings 12,14 Jordan Addison
68%
Titans 8 Calvin Ridley
67%
Saints 8 Chris Olave
67%
Eagles 3 Dallas Goedert
67%
Cardinals 8,12,17 Trey McBride
67%
Raiders 9,12,18 Jakobi Meyers
65%
Browns 11,13,15 Jerry Jeudy
62%
Colts 8 Josh Downs
62%
Packers 11,14 Christian Watson
61%
Bills 7 Keon Coleman
61%
Panthers 3 Diontae Johnson
58%
Bills 15 Ty Johnson
58%
Raiders 11,13 Brock Bowers
56%
Jets 6 Allen Lazard
54%
Lions 15 Sam LaPorta
51%
Jaguars 6 Evan Engram
50%
Buccaneers 7 Cade Otton
48%
Giants 5,8 Darius Slayton
48%
Chargers 9,18 Quentin Johnston
47%
Vikings 12 T.J. Hockenson
47%
Bengals 9 Mike Gesicki
43%
49ers 17 Ricky Pearsall
41%
Patriots 18 Kayshon Boutte
38%
Broncos 13,17 Marvin Mims
33%
Jets 7 Breece Hall
32%
Panthers 15 Jalen Coker
24%
Titans 11 Nick Westbrook
21%
Saints 10 Marquez Valdes-Scantling
20%
Jaguars 13 Parker Washington
18%
Ravens 10 Tylan Wallace
10%
No matching quizzes found
Score Distribution
Percent of People with Each Score
Percentile by Number Answered
Your Score History
You have not taken this quiz